1318 1672 1257 1694 1074 1239 1258 1797 1472 1741 1785 1152 1094 1729 1242 1816 1463 1340 1548 1297 1438 1497 1886 1967 1606 1957 1946 1261 1796 1363 1561 1599 1667 1745 1973 1836 1579 1107 1626 1823 1782 1623 1888 1767 1875 1722 1308 1459 1260 1189 1246 1644 1358 1289 1826 1215 1891 1334 1723 1461 1230 1031 1504 1514 1695 1997 1729 1765 1392 1069 1164 1826 1123 1833 1260 1443 1478 1029 1966 1746 1246 1600 1384 1061 1418 1995 1416 1638 1980 1386 1765 1730 1303 1224 1302 1928 1713 1524 1892 BCNSPRNW ULIB Ver.6.0+V

เปลี่ยนเป็นภาษาไทย

Change to English
 แสดงรายละเอียดบรรณานุกรม
  กลับหน้าหลัก

Brief Record : Get Marc (ISO 2709) : E-mail record : QR code < ปิดหน้าต่าง
LEADER : 00000nas 2200000uu 4500
001    13399114048
003     ULIB
008    120203s||||||||th 000 0 tha d
022    ^a08582599
110    ^aจุลสารชมรมควบคุมโรคติดเชื้อในโรงพยาบาลแห่งประเทศไทย
245    ^aจุลสารชมรมควบคุมโรคติดเชื้อในโรงพยาบาลแห่งประเทศไทย
260    ^aกรุงเทพฯ :^bจุลสารชมรมควบคุมโรคติดเชื้อในโรงพยาบาลแห่งประเทศไทย,^cม.ป.ป.
310    ^aรายสี่เดือน
850    ^aฉบับที่ 3 ปีที่ 21
945    ^p0^l0^i800042
999 ^a ใช้งานได้ทุกระบบ
รายการนี้ยังไม่มีแท็ก
คุณยังไม่ได้ล็อกอิน คุณสามารถมีกิจกรรมร่วมกับเว็บไซต์ได้ แต่ต้องล็อกอินก่อน ::
  ล็อกอิน

รายการสื่อสารสนเทศ (วารสาร)

ดูแบบ: กล่อง รายการ
ARRIVED
ฉบับที่ 3 ปีที่ 21
สถานที่: ห้องสมุดวิทยาเขตสวรรค์ประชารักษ์ >วารสาร
รายการใกล้เคียง
    ชื่อเรื่อง [จุลสารชมรมควบคุมโรคติดเชื้อในโรงพยาบาลแห่งประเทศไทย]

BibComment


ยังไม่เคยถูกคอมเมนท์

คอมเมนท์ทรัพยากรรายการนี้
  คอมเมนท์: จุลสารชมรมควบคุม..


 Copyright 2026. Bcnsprnw @Library